[Event "IND-chB (Women) 42nd"]
[Site "Bhayandar"]
[Date "2015.07.11"]
[Round "11"]
[White "Manasa, K."]
[Black "Mohota, Nisha"]
[Result "0-1"]
[WhiteElo "1914"]
[BlackElo "2277"]
[PlyCount "58"]
[EventDate "2015.07.02"]
[EventType "swiss"]
[EventRounds "11"]
[EventCountry "IND"]
[SourceTitle "CBM 167 Extra"]
[Source "ChessBase"]
[SourceDate "2015.09.14"]
[SourceVersion "1"]
[SourceVersionDate "2015.09.14"]
[SourceQuality "1"]

1. e4 Nf6 2. Nc3 e5 3. Nf3 Nc6 4. Bc4 Nxe4 5. Nxe4 d5 6. Qe2 dxc4 7. Qxc4 Be7 8. d3 Be6 9. Qa4 0-0 10. 0-0 a6 11. Neg5 Bf5 12. Qb3 h6 13. Ne4 Bg4 14. Be3 Kh8 15. Nfd2 f5 16. f3 Bh5 17. Nc3 Bf7 18. Qa4 b5 19. Nxb5 axb5 20. Qxb5 Nd4 21. Qxe5 Nxc2 22. Bxh6 Bf6 23. Qf4 Qd4+ 24. Kh1 Qxf4 25. Bxf4 Nxa1 26. Rxa1 Bxb2 27. Rb1 Rxa2 28. Bxc7 Rc8 29. Bf4 Rc1+ 0-1

[Event "IND-chB (Women) 42nd"]
[Site "Bhayandar"]
[Date "2015.07.08"]
[Round "8"]
[White "Nandhidhaa, PV."]
[Black "Manasa, K."]
[Result "1/2-1/2"]
[WhiteElo "2176"]
[BlackElo "1914"]
[PlyCount "138"]
[EventDate "2015.07.02"]
[EventType "swiss"]
[EventRounds "11"]
[EventCountry "IND"]
[SourceTitle "CBM 167 Extra"]
[Source "ChessBase"]
[SourceDate "2015.09.14"]
[SourceVersion "1"]
[SourceVersionDate "2015.09.14"]
[SourceQuality "1"]

1. e4 e5 2. Nf3 Nc6 3. Bb5 d6 4. d4 exd4 5. Nxd4 Bd7 6. Nc3 Nf6 7. Bg5 Be7 8. Bxc6 bxc6 9. 0-0 0-0 10. Qd3 c5 11. Nde2 Ng4 12. Bxe7 Qxe7 13. Nd5 Qd8 14. Rad1 Rb8 15. b3 a5 16. a4 Ne5 17. Qc3 Nc6 18. Ng3 f5 19. exf5 Bxf5 20. Rfe1 Kh8 21. Nxf5 Rxf5 22. Qh3 Rf7 23. Re4 Qd7 24. Qxd7 Rxd7 25. Rde1 Kg8 26. f3 h6 27. Kf2 Nd4 28. Ne3 d5 29. Re5 c6 30. Rc1 Rbb7 31. Nf5 Nxf5 32. Rxf5 Rb4 33. c4 dxc4 34. Rxc4 Rxb3 35. g4 Rd2+ 36. Kg3 Ra2 37. Rfxc5 Rb4 38. Rxc6 Raxa4 39. Rc8+ Kh7 40. R4c7 Rb6 41. Ra7 Ra3 42. Rcc7 Rg6 43. h4 Ra1 44. Rc5 Rf6 45. Rcc7 Rg6 46. Rf7 a4 47. h5 Rg5 48. Rf4 a3 49. Rfa4 Rb5 50. Rxa3 Rg1+ 51. Kf2 Rbb1 52. R7a4 Rbf1+ 53. Ke3 Rb1 54. Rd3 Rbe1+ 55. Kf4 Re7 56. Ra8 Rf7+ 57. Ke3 g6 58. hxg6+ Kxg6 59. Ra6+ Kg7 60. Rdd6 Rh1 61. Rg6+ Kh7 62. Rgf6 Rg7 63. Kf4 Rh3 64. Rae6 Rh1 65. Ra6 Rh3 66. Rad6 Rh1 67. Ke3 Rh3 68. Kf2 Rh1 69. Kg3 Rg5 1/2-1/2

[Event "IND-chB (Women) 42nd"]
[Site "Bhayandar"]
[Date "2015.07.05"]
[Round "5"]
[White "Bristy, Mukherjee"]
[Black "Manasa, K."]
[Result "1-0"]
[WhiteElo "1728"]
[BlackElo "1914"]
[PlyCount "77"]
[EventDate "2015.07.02"]
[EventType "swiss"]
[EventRounds "11"]
[EventCountry "IND"]
[SourceTitle "CBM 167 Extra"]
[Source "ChessBase"]
[SourceDate "2015.09.14"]
[SourceVersion "1"]
[SourceVersionDate "2015.09.14"]
[SourceQuality "1"]

1. e4 g6 2. d4 Bg7 3. Nc3 d6 4. Nf3 c6 5. Be3 Nf6 6. Qd2 Qa5 7. h3 Nbd7 8. Bd3 a6 9. a3 b5 10. a4 b4 11. Ne2 Bb7 12. Ng3 c5 13. 0-0 Rc8 14. c3 bxc3 15. bxc3 0-0 16. Qe2 Ra8 17. Bd2 e6 18. Rfb1 Bc6 19. c4 Qc7 20. d5 exd5 21. cxd5 Bb7 22. Ra3 Rfe8 23. Qf1 c4 24. Rc3 Nc5 25. Rxc4 Qe7 26. Bb4 Nxd3 27. Qxd3 Reb8 28. Ba5 Ne8 29. Rbc1 Rc8 30. Nd4 Rxc4 31. Rxc4 Bxd4 32. Qxd4 Rc8 33. Rb4 Rc5 34. Bb6 Rc1+ 35. Kh2 Nf6 36. Qb2 Re1 37. Bd4 Nxe4 38. Rxb7 Qxb7 39. Qxb7 1-0

[Event "IND-ch U19 Girls 25th"]
[Site "Puri"]
[Date "2010.10.04"]
[Round "6"]
[White "Nandhidhaa, PV."]
[Black "Manasa, K."]
[Result "1/2-1/2"]
[WhiteElo "2060"]
[BlackElo "1967"]
[PlyCount "93"]
[EventDate "2010.10.01"]
[EventType "tourn"]
[EventRounds "11"]
[EventCountry "IND"]
[SourceTitle "CBM 138 Extra"]
[Source "ChessBase"]
[SourceDate "2010.10.29"]
[SourceVersion "1"]
[SourceVersionDate "2010.10.29"]
[SourceQuality "1"]

1. e4 g6 2. d4 Bg7 3. Nc3 d6 4. Nf3 c6 5. Bf4 Bg4 6. Be2 Qb6 7. Be3 Bxf3 8. gxf3 Qxb2 9. Na4 Qb4+ 10. c3 Qa5 11. Qb3 b5 12. Nb2 Nd7 13. 0-0 Ngf6 14. a4 bxa4 15. Rxa4 Qh5 16. Qb7 0-0 17. Nc4 d5 18. e5 dxc4 19. exf6 Nxf6 20. Qxc6 Nd5 21. Bd2 Rfc8 22. Qb7 Bh6 23. Bxh6 Nxc3 24. Rxc4 Nxe2+ 25. Kg2 Rcb8 26. Qxe7 Nxd4 27. Rxd4 Qxh6 28. Rd7 Qf4 29. Rxa7 Rxa7 30. Qxa7 Qg5+ 31. Kh1 Rc8 32. Qd7 Rc4 33. Re1 Rc1 34. Rxc1 Qxc1+ 35. Kg2 Qg5+ 36. Kf1 Qh5 37. Kg2 Qe5 38. Qd8+ Kg7 39. Qd7 h5 40. Qc6 Qg5+ 41. Kf1 Qf6 42. Qe4 g5 43. Kg2 Qe6 44. Qd4+ Kg6 45. Qd3+ f5 46. h3 Qc6 47. Kg3 1/2-1/2